Normal view
MARC view
Entry Topical Term
001 - CONTROL NUMBER
- control field: 15485
003 - CONTROL NUMBER IDENTIFIER
- control field: OSt
005 - DATE AND TIME OF LATEST TRANSACTION
- control field: 20211206101443.0
008 - FIXED-LENGTH DATA ELEMENTS
- fixed length control field: 211206|| aca||aabn | a|a d
040 ## - CATALOGING SOURCE
- Original cataloging agency: OSt
- Transcribing agency: OSt
150 ## - HEADING--TOPICAL TERM
- Topical term or geographic name entry element: Corporations -- Finance.
670 ## - SOURCE DATA FOUND
- Source citation: Work cat.: (OSt): Robert C. Higgins Jennifer L. Koski ; Todd,Mitton. 15484, Analysis for Financial Management , 2016
